Statistics for Countries by Airline Passengers

Click here to take the quiz!

General Stats

  • This quiz has been taken 15,925 times
    (15,804 since last reset)
  • The average score is 17 of 20

Answer Stats

# Growth Country % Correct
823 m24%United States
100%
145 m106%United Kingdom
98%
531 m596%China
98%
65.4 m24%France
97%
125 m115%Germany
96%
85.4 m105%Canada
94%
118 m8%Japan
94%
77.5 m338%Russia
94%
72.6 m123%Australia
93%
94.1 m201%Brazil
93%
66.7 m68%Spain
92%
53.3 m155%Mexico
92%
120 m591%India
91%
96.5 m873%Indonesia
78%
77.1 m125%South Korea
77%
92.2 m1237%United Arab Emirates
73%
100 m723%Turkey
72%
60.5 m248%Thailand
66%
126 m799%Ireland
64%
53.8 m225%Malaysia
62%

Score Distribution

Percentile by Number Answered

Percent of People with Each Score

Your Score History

You have not taken this quiz since the last reset